World cup 1962 teams - Statistics

General Stats
  • This quiz has been taken 444 times
  • The average score is 14 of 16
Answer Stats
Hint Answer % Correct
GROUP C Brazil
100%
GROUP D Argentina
96%
GROUP D England
95%
GROUP B Italy
94%
GROUP C Spain
93%
GROUP B West Germany
93%
GROUP B Chile
92%
GROUP C Mexico
91%
GROUP A Uruguay
91%
GROUP A Soviet Union
88%
GROUP A Yugoslavia
88%
GROUP C Czechoslovakia
85%
GROUP D Hungary
85%
GROUP B Switzerland
78%
GROUP A Colombia
72%
GROUP D Bulgaria
66%
No matching quizzes found
Score Distribution
Percent of People with Each Score
Percentile by Number Answered
Your Score History
You have not taken this quiz